000 00735nam a2200241Ia 4500
003 OSt
005 20220925215055.0
006 a|||||r|||| 00| 0
007 ta
008 220923b |||||||| |||| 00| 0 eng d
037 _cGeneral Book
040 _aRTL
_cRTL
_beng
041 _2eng
_aeng
082 _aX61.49B.N5<---L86, J7/GD
100 _aKing Frank H. H.
_9127146
245 0 _aMoney in British East-Asia
260 _aLondon
_bH. M. S. O. U. K.
_c1957
300 _a178p.
_ccm.
500 _aGreat Britain, Colonial Research Publication, 19.
650 _aEconomics-Money-East Asia
_9282086
942 _hX61.49B.N5<---L86, J7/GD
_cGB
_2CC
999 _c567790
_d567790